ঢ়
ক্ষ
ড়
ঢ়
য়
র-ফলা‌‌‌
 
 
য-ফলা
ি
 
 
রেফ
 
 
 
যুক্ত করুন/হসন্ত
Space
Enter

The man from Snowy River / (Record no. 6554)

000 -LEADER
fixed length control field 00587cam a2200205 a 4500
001 - CONTROL NUMBER
control field 380
003 - CONTROL NUMBER IDENTIFIER
control field BD-DhUAP
005 - DATE AND TIME OF LATEST TRANSACTION
control field 20210112095031.0
008 - FIXED-LENGTH DATA ELEMENTS--GENERAL INFORMATION
fixed length control field 210104s380 at abf b f000 0 eng
020 ## - INTERNATIONAL STANDARD BOOK NUMBER
International Standard Book Number 0207158711
040 ## - CATALOGING SOURCE
Original cataloging agency BD-DhUAP
Transcribing agency BD-DhUAP
Modifying agency BD-DhUAP
Language of cataloging Eng
082 ## - DEWEY DECIMAL CLASSIFICATION NUMBER
Classification number 823 MIT
Edition number 23
100 ## - MAIN ENTRY--PERSONAL NAME
Personal name Mitchell, Elyne.
245 ## - TITLE STATEMENT
Title The man from Snowy River /
Statement of responsibility, etc. Elyne Mitchell.
260 ## - PUBLICATION, DISTRIBUTION, ETC.
Place of publication, distribution, etc. North Ryde :
Name of publisher, distributor, etc. Collins/Angus & Robertson,
Date of publication, distribution, etc. c1988.
300 ## - PHYSICAL DESCRIPTION
Extent 165 pages ;
Dimensions 19 cm.
650 ## - SUBJECT ADDED ENTRY--TOPICAL TERM
Topical term or geographic name entry element English fiction.
942 ## - ADDED ENTRY ELEMENTS (KOHA)
Source of classification or shelving scheme
Koha item type Book
Holdings
Withdrawn status Lost status Source of classification or shelving scheme Damaged status Not for loan Permanent Location Current Location Shelving location Date acquired Full call number Barcode Date last seen Copy number Price effective from Koha item type
          DBA Seminar Library DBA Seminar Library General Stacks 2021-01-04 823 MIT 3010000380 2021-01-04 1 2021-01-04 Book

All rights reserved © UAP Central Library,
University of Asia Pacific.